| Поле | Инд. | ПП | Название | Значение |
|---|---|---|---|---|
| Тип записи | a | |||
| Библиографический уровень | m | |||
| 001 | Контрольный номер | RU/IS/BASE/263903732 | ||
| 005 | Дата корректировки | 20250327103918.9 | ||
| 008 | Кодируемые данные | 20080512 | ||
| 040 | b | Код языка каталог. | rus | |
| e | Правила каталог. | PSBO | ||
| 041 | 0_ | a | Код языка текста | rus |
| 084 | a | Индекс другой классификации/Индекс ББК | 22.37; 26.303; 24.522 | |
| 090 | a | Полочн. индекс | 22.37 | |
| x | Авторский знак | Б 791 | ||
| 100 | 1_ | a | Автор | Болдырев А. К. |
| 245 | 10 | a | Заглавие | Кристаллография |
| 260 | a | Место издания | Ленинград | |
| b | Издательство | Кубуч | ||
| c | Дата издания | 1931 | ||
| 300 | a | Объем | 334 с. | |
| b | Иллюстрации/ тип воспроизводства | ил. | ||
| 336 | a | Термин вида содержания | Текст | |
| 337 | a | Термин типа средства | непосредственный | |
| 504 | a | Библиография | Указ. терм.: с. 327-331 | |
| 521 | a | Примеч. о целев. назн. | студенты | |
| 650 | a | Основная рубрика | кристаллография | |
| a | Основная рубрика | физика | ||
| a | Основная рубрика | физика твердого тела | ||
| 653 | a | Ключевые слова | Вульфа теорема | |
| a | Ключевые слова | геометрическая кристаллография | ||
| a | Ключевые слова | гониометрия | ||
| a | Ключевые слова | кристаллооптика | ||
| a | Ключевые слова | кристаллохимический анализ | ||
| a | Ключевые слова | кристаллохимия | ||
| a | Ключевые слова | кристаллы | ||
| a | Ключевые слова | магнитные свойства | ||
| a | Ключевые слова | механические свойства | ||
| a | Ключевые слова | минералогия | ||
| a | Ключевые слова | науки о Земле | ||
| a | Ключевые слова | оптика кристаллов | ||
| a | Ключевые слова | полиморфия | ||
| a | Ключевые слова | рентгеновские лучи | ||
| a | Ключевые слова | рентгенометрия кристаллов | ||
| a | Ключевые слова | симметрия кристаллов | ||
| a | Ключевые слова | Стенона-Роме-де-л'Иля закон | ||
| a | Ключевые слова | физическая картография | ||
| a | Ключевые слова | физические свойства | ||
| a | Ключевые слова | электрические свойства | ||
| 901 | t | Тип документа | m | |
| 952 | a | Тип литературы для КСУ ВШ | НАУ |